Berenike and the ancient maritime spice route (Record no. 247092)
[ view plain ]
| 000 -LEADER | |
|---|---|
| fixed length control field | 02360nam a2200457 a 4500 |
| 082 04 - DEWEY DECIMAL CLASSIFICATION NUMBER | |
| Classification number | 932 |
| 100 1# - MAIN ENTRY--AUTHOR NAME | |
| Personal name | Sidebotham, Steven E. |
| 245 10 - TITLE STATEMENT | |
| Title | Berenike and the ancient maritime spice route |
| 260 ## - PUBLICATION, DISTRIBUTION, ETC. (IMPRINT) | |
| Place of publication | Berkeley : |
| Name of publisher | University of California Press, |
| Year of publication | c2011. |
| 300 ## - PHYSICAL DESCRIPTION | |
| Number of Pages | xvii, 434 p. : |
| Other physical details | ill. |
| 490 1# - SERIES STATEMENT | |
| Series statement | The California world history library ; |
| 505 0# - FORMATTED CONTENTS NOTE | |
| Formatted contents note | Geography, climate, ancient authors, and modern visitors -- Pre-Roman infrastructure in the Eastern Desert -- Ptolemaic diplomatic-military-commercial activities -- Ptolemaic and early Roman Berenike and environs -- Inhabitants of Berenike in Roman times -- Water in the desert and the ports -- Nile/Red Sea roads -- Other emporia -- Merchant ships -- Commercial networks and trade costs -- Trade in Roman Berenike -- Late Roman Berenike and its demise. |
| 650 #0 - SUBJECT ADDED ENTRY--TOPICAL TERM | |
| Topical Term | Excavations (Archaeology) |
| Topical Term | Spice trade |
| Topical Term | Trade routes |
| Topical Term | Port cities |
| Topical Term | International trade |
| 856 40 - ELECTRONIC LOCATION AND ACCESS | |
| Uniform Resource Identifier | http://site.ebrary.com/lib/rucke/Doc?id=10446267 |
No items available.
